000
00239nam a2200097Ia 4500
001
873071
005
20250826181249.0
008
250824s9999 xx 000 0 und d
245
0
_a
KALP SIZISI
_c
F. LOUİSA BARCLAY
260
_b
PANAMA YAYINLARI
999
_c
873071
_d
873071